ՀՀ Գիտությունների ազգային ակադեմիայի հիմնարար գիտական գրադարան  =   Fundamental Scientific Library of NAS RA

Дни леса и сада : (Record no. 475169)

MARC details
000 -LEADER
fixed length control field 00924nam a2200193 a 4500
001 - CONTROL NUMBER
control field 000870507
003 - CONTROL NUMBER IDENTIFIER
control field AM-YeHGA
005 - DATE AND TIME OF LATEST TRANSACTION
control field 20250617161647.0
008 - FIXED-LENGTH DATA ELEMENTS--GENERAL INFORMATION
fixed length control field 120228s1954 ru r 000 0 rus d
040 ## - CATALOGING SOURCE
Original cataloging agency AM-YeHGA
041 0# - LANGUAGE CODE
Language code of text/sound track or separate title rus
090 ## - LOCALLY ASSIGNED LC-TYPE CALL NUMBER (OCLC); LOCAL CALL NUMBER (RLIN)
-- 478458
245 00 - TITLE STATEMENT
Title Дни леса и сада :
Remainder of title Очерки по лесному хозяйству, садоводству и зеленому строительству /
Statement of responsibility, etc. АН ЛатвССР, Ин-т лесохозяйственных проблем; Под ред. В.Н. Овсянкина.
260 ## - PUBLICATION, DISTRIBUTION, ETC.
Place of publication, distribution, etc. Рига :
Name of publisher, distributor, etc. Изд-во АН ЛатвССР,
Date of publication, distribution, etc. 1954.
300 ## - PHYSICAL DESCRIPTION
Extent 258 с. :
Other physical details рис. ;
Dimensions 22 см.
650 14 - SUBJECT ADDED ENTRY--TOPICAL TERM
Topical term or geographic name entry element Плодоводство, ягодоводство и лесоводство
700 1# - ADDED ENTRY--PERSONAL NAME
Personal name Овсянкин, В.Н.
Relator term ред.
Relationship edt
710 2# - ADDED ENTRY--CORPORATE NAME
Corporate name or jurisdiction name as entry element Институт лесохозяйственных проблем АН Латвийской ССР
Holdings
Withdrawn status Lost status Source of classification or shelving scheme Damaged status Not for loan Collection Home library Current library Date acquired Total checkouts Full call number Barcode Date last seen Price effective from Koha item type Public note
    Universal Decimal Classification     General Fundamental Scientific Library Fundamental Scientific Library 30/08/2018   РД II/20086 FL0515619 30/08/2018 30/08/2018 Գրքեր / Books 30 Days Load


ՀՀ ԳԱԱ հիմնարար գիտական գրադարան
ՀՀ,Երևան 0019
Մարշալ Բաղրամյան 24/6
հեռախոս:(374-10) 52-47-50
Հետադարձ կապ

All site content, except where otherwise noted, is licensed under a
Creative Commons License